Five o’clock lightning : Babe Ruth, Lou Gehrig, and the greatest team in baseball, the 1927 New York Yankees

This is the second book on the New York Yankees entitled Five O'Clock Lightning. The first came out a few years ago and was written by former Yankee Tommy Henrich and Bill Gilbert. This new version on the 1927 Yankees provides us with an introduction to each of the players on the roster includi...

Cur síos iomlán

Đã lưu trong:
Sonraí Bibleagrafaíochta
Príomhúdar: Frommer, Harvey
Formáid: Leabhar
Teanga:Undetermined
Foilsithe: Hoboken, N.J. John Wiley & Sons 2008
Ábhair:
Clibeanna: Cuir Clib Leis
Gan Chlibeanna, Bí ar an gcéad duine leis an taifead seo a chlibeáil!
Thư viện lưu trữ: Trung tâm Học liệu Trường Đại học Cần Thơ
LEADER 01130nam a2200241Ia 4500
001 CTU_165533
008 210402s9999 xx 000 0 und d
020 |c 24.95 
082 |a 796.357 
082 |b F932 
100 |a Frommer, Harvey 
245 0 |a Five o’clock lightning : 
245 0 |b Babe Ruth, Lou Gehrig, and the greatest team in baseball, the 1927 New York Yankees 
245 0 |c Harvey Frommer 
260 |a Hoboken, N.J. 
260 |b John Wiley & Sons 
260 |c 2008 
520 |a This is the second book on the New York Yankees entitled Five O'Clock Lightning. The first came out a few years ago and was written by former Yankee Tommy Henrich and Bill Gilbert. This new version on the 1927 Yankees provides us with an introduction to each of the players on the roster including Manager Miller Huggins and batboy Eddie Bennett. 
650 |a Baseball,Baseball players,Bóng chày,Cầu thủ bóng chày 
650 |x History,Lịch sử 
650 |z New York (State),New York,United States,New York,Hoa Kỳ 
904 |i Khoa, Năm 
980 |a Trung tâm Học liệu Trường Đại học Cần Thơ